| 000 | 00476nam a22001697a 4500 | ||
|---|---|---|---|
| 999 |
_c173 _d173 |
||
| 005 | 20210910123322.0 | ||
| 008 | 160428b xxu||||| |||| 00| 0 eng d | ||
| 020 | _a81-7722-334-8 | ||
| 041 | _aeng | ||
| 082 |
_b00604 _a005.133 |
||
| 100 |
_aLichade, Dr.Vishal M. _94072 |
||
| 245 | _aComdex O Level Series Programming and Problem Solving through 'C'Language | ||
| 260 |
_aNew Delhi _bDreamtech, _c2003 |
||
| 300 | _a328 | ||
| 650 |
_aInformation Technology _9137 |
||
| 942 | _cBK | ||